000 00611nam a2200193Ia 4500
005 20260114185752.0
008 008 260114s9999 xx 000 0 eng d
020 _a9781838604936
037 _aEBOOK
040 _aCRL
_beng
_cCRL
041 _aeng
_2eng
084 _qCRL
100 _aVictoria Biggs
_9874180
245 0 _aYouth and Conflict in Israel-Palestine Storytelling, Contested Space and the Politics of Memory
260 _bBloomsbury
_c2020
856 _uhttps://doi.org/10.5040/9781838604936?locatt=label:secondary_bloomsburyCollections
942 _cEBOOK
999 _c1473114
_d1473114